[Event "Titled Tuesday intern op 06th Feb Early"]
[Site "Chess.com INT"]
[Date "2024.02.06"]
[Round "6"]
[White "Bardyk, Artem"]
[Black "Magem Badals, Jordi"]
[Result "1/2-1/2"]
[WhiteElo "2192"]
[BlackElo "2501"]
[PlyCount "138"]
[EventDate "2024.02.06"]
[EventType "swiss (blitz)"]
[EventRounds "11"]
[EventCountry "USA"]
[SourceTitle "CB07_2024"]
[SourceDate "2024.02.14"]
[SourceVersion "1"]
[SourceVersionDate "2024.02.14"]
[SourceQuality "1"]

1. e4 c5 2. c3 Nf6 3. e5 Nd5 4. Nf3 d6 5. Bc4 Nb6 6. Bb3 Nc6 7. exd6 e6 8. 0-0 Bxd6 9. d4 cxd4 10. cxd4 0-0 11. Nc3 Be7 12. Re1 Nb4 13. Ne5 Bd7 14. a3 N4d5 15. Nxd5 Nxd5 16. Qf3 Bc6 17. Nxc6 bxc6 18. Bc2 Bf6 19. Bd2 g6 20. Qe4 Qb6 21. Bc3 Rfd8 22. Qf3 Bxd4 23. Bxd4 Qxd4 24. b4 a5 25. bxa5 Rxa5 26. Be4 Rda8 27. h3 Kg7 28. Red1 Qf6 29. Qg3 Nc3 30. Re1 Nxe4 31. Qe3 Nd6 32. Rac1 Rxa3 33. Qc5 Nf5 34. Qxc6 Ra2 35. Qe4 h5 36. Re2 Rxe2 37. Qxe2 Ra1 38. Rxa1 Qxa1+ 39. Kh2 h4 40. Qe4 Qd4 41. Qe2 Qf4+ 42. Kg1 Nd4 43. Qd3 e5 44. Qa6 Qc1+ 45. Kh2 Qf4+ 46. Kg1 Qd2 47. Qa1 Ne2+ 48. Kf1 Qc1+ 49. Qxc1 Nxc1 50. g3 g5 51. Kg2 f5 52. g4 Kf6 53. Kf3 Nd3 54. Ke3 Nf4 55. Kf3 Nxh3 56. gxf5 Kxf5 57. Kg2 g4 58. f3 Nf4+ 59. Kh2 g3+ 60. Kh1 h3 61. Kg1 e4 62. Kf1 exf3 63. Kg1 Kg4 64. Kf1 h2 65. Ke1 g2 66. Kd2 f2 67. Kc3 f1Q 68. Kb4 g1Q 69. Ka5 Qc4 1/2-1/2

[Event "Titled Tuesday intern op 06th Feb Early"]
[Site "Chess.com INT"]
[Date "2024.02.06"]
[Round "2"]
[White "Kaliakhmet, Elnaz"]
[Black "Magem Badals, Jordi"]
[Result "1/2-1/2"]
[WhiteElo "2000"]
[BlackElo "2501"]
[PlyCount "112"]
[EventDate "2024.02.06"]
[EventType "swiss (blitz)"]
[EventRounds "11"]
[EventCountry "USA"]
[SourceTitle "CB07_2024"]
[SourceDate "2024.02.14"]
[SourceVersion "1"]
[SourceVersionDate "2024.02.14"]
[SourceQuality "1"]

1. d4 d5 2. c4 e6 3. Nf3 Nf6 4. Nc3 Be7 5. g3 0-0 6. Bg2 c6 7. 0-0 b6 8. Nd2 Bb7 9. e4 Na6 10. e5 Nd7 11. b3 Nc7 12. a4 c5 13. Nf3 dxc4 14. bxc4 cxd4 15. Qxd4 Nc5 16. Qg4 Qd3 17. Nb5 Nxb5 18. axb5 Rfd8 19. Be3 Rd7 20. h4 Qg6 21. Qxg6 hxg6 22. Rfd1 Rxd1+ 23. Rxd1 a5 24. bxa6 Bxa6 25. Rb1 Bxc4 26. Rxb6 Bd5 27. Nd4 Bxg2 28. Kxg2 Nd3 29. Nc6 Bf8 30. Rb3 Nc5 31. Rc3 Nd7 32. Rd3 Nc5 33. Rc3 Nd7 34. f4 f6 35. Bd4 fxe5 36. Nxe5 Nxe5 37. Bxe5 Ra7 38. Kf3 Ra3 39. Ke4 Rxc3 40. Bxc3 Kf7 41. Ke5 Bc5 42. Be1 Ba3 43. Ke4 Bb2 44. g4 Bc1 45. Bf2 Bb2 46. Bd4 Bc1 47. Be5 Bd2 48. h5 gxh5 49. gxh5 Be1 50. f5 exf5+ 51. Kxf5 Bd2 52. Bf4 Bc3 53. Bg5 Bd4 54. Bf4 Bc3 55. Bg5 Bd4 56. Bf4 Bc3 1/2-1/2

[Event "Titled Tuesday intern op 06th Feb Early"]
[Site "Chess.com INT"]
[Date "2024.02.06"]
[Round "10"]
[White "Magem Badals, Jordi"]
[Black "Ioannidis, Evgenios"]
[Result "0-1"]
[WhiteElo "2501"]
[BlackElo "2519"]
[PlyCount "106"]
[EventDate "2024.02.06"]
[EventType "swiss (blitz)"]
[EventRounds "11"]
[EventCountry "USA"]
[SourceTitle "CB07_2024"]
[SourceDate "2024.02.14"]
[SourceVersion "1"]
[SourceVersionDate "2024.02.14"]
[SourceQuality "1"]

1. e4 e5 2. Nf3 Nc6 3. Bc4 Nf6 4. d3 d5 5. exd5 Nxd5 6. 0-0 Nb6 7. Bb3 Bg4 8. h3 Bh5 9. Re1 Qe7 10. Be3 0-0-0 11. Nbd2 f6 12. Qe2 Qd7 13. Qf1 Nd5 14. a3 Nxe3 15. fxe3 Bc5 16. Kh1 Rhe8 17. Ba4 a6 18. b4 Ba7 19. b5 axb5 20. Bxb5 f5 21. Nc4 Qd5 22. Bxc6 bxc6 23. e4 fxe4 24. dxe4 Qc5 25. Ncxe5 Kb7 26. Rab1+ Bb6 27. Nd3 Qxc2 28. Nb4 Qa4 29. Nh4 Rd4 30. Nf5 Rdxe4 31. Rxe4 Rxe4 32. Nxg7 Bg6 33. Nd3 Qxa3 34. Ra1 Qxd3 35. Qxd3 Re1+ 36. Rxe1 Bxd3 37. Ne6 c5 38. Nf4 Bb5 39. Nd5 c4 40. Kh2 Kc6 41. Ne7+ Kc5 42. g4 c3 43. Rc1 Kc4 44. g5 Be3 45. Re1 Bxg5 46. Nf5 c2 47. h4 c1Q 48. Rxc1+ Bxc1 49. Kg3 c5 50. Kg4 Bd7 51. h5 Bxf5+ 52. Kxf5 h6 53. Ke4 Bg5 0-1

[Event "Catalunya-chT Gp1 Final"]
[Site "Barcelona"]
[Date "2023.03.18"]
[Round "1.1"]
[White "Magem Badals, Jordi"]
[Black "Jerez Perez, Alfonso"]
[Result "1/2-1/2"]
[WhiteElo "2506"]
[BlackElo "2335"]
[PlyCount "35"]
[EventDate "2023.03.18"]
[EventType "team-k.o."]
[EventRounds "3"]
[EventCountry "ESP"]
[SourceTitle "EXT 2024"]
[Source "ChessBase"]
[SourceDate "2023.10.10"]
[SourceVersion "1"]
[SourceVersionDate "2023.10.10"]
[SourceQuality "1"]
[WhiteTeam "Colon Sabadell"]
[BlackTeam "Foment Martinenc"]
[WhiteTeamCountry "ESP"]
[BlackTeamCountry "ESP"]

1. e4 c5 2. Nf3 d6 3. d4 cxd4 4. Nxd4 Nf6 5. f3 e5 6. Nb3 d5 7. Bg5 Be6 8. Bxf6 gxf6 9. exd5 Qxd5 10. Qxd5 Bxd5 11. Nc3 Be6 12. 0-0-0 Nc6 13. Bb5 Rc8 14. Nd5 f5 15. Nf6+ Ke7 16. Nd5+ Ke8 17. Nf6+ Ke7 18. Nd5+ 1/2-1/2

[Event "Catalunya-chT Gp2"]
[Site "Barcelona"]
[Date "2022.02.26"]
[Round "6.2"]
[White "Gonzalez Garcia, Jose"]
[Black "Magem Badals, Jordi"]
[Result "1/2-1/2"]
[WhiteElo "2466"]
[BlackElo "2515"]
[PlyCount "25"]
[EventDate "2022.01.22"]
[EventType "team-tourn"]
[EventRounds "9"]
[EventCountry "ESP"]
[SourceTitle "CBM 208 Extra"]
[Source "ChessBase"]
[SourceDate "2022.07.31"]
[SourceVersion "1"]
[SourceVersionDate "2022.07.31"]
[SourceQuality "1"]
[WhiteTeam "Valls"]
[BlackTeam "Colon Sabadell"]
[WhiteTeamCountry "ESP"]
[BlackTeamCountry "ESP"]

1. d4 d5 2. c4 dxc4 3. e3 Nf6 4. Bxc4 e6 5. Nf3 c5 6. 0-0 cxd4 7. exd4 Be7 8. Nc3 0-0 9. Re1 Nc6 10. Bg5 b6 11. a3 Bb7 12. Qd3 Rc8 13. Rad1 1/2-1/2

[Event "Catalunya-chT Gp2"]
[Site "Barcelona"]
[Date "2022.01.22"]
[Round "1.2"]
[White "Magem Badals, Jordi"]
[Black "Gutenev, Alexander"]
[Result "1/2-1/2"]
[WhiteElo "2515"]
[BlackElo "2455"]
[PlyCount "51"]
[EventDate "2022.01.22"]
[EventType "team-tourn"]
[EventRounds "9"]
[EventCountry "ESP"]
[SourceTitle "CBM 206 Extra"]
[Source "ChessBase"]
[SourceDate "2022.03.31"]
[SourceVersion "1"]
[SourceVersionDate "2022.03.31"]
[SourceQuality "1"]
[WhiteTeam "Colon Sabadell"]
[BlackTeam "Platja D'Aro"]
[WhiteTeamCountry "ESP"]
[BlackTeamCountry "ESP"]

1. e4 c5 2. Nf3 Nc6 3. Bb5 g6 4. Bxc6 bxc6 5. d4 Bg7 6. dxc5 Qa5+ 7. Nbd2 Qxc5 8. 0-0 Nh6 9. e5 0-0 10. Ne4 Qd5 11. Qe2 Ba6 12. Qxa6 Qxe4 13. c3 Ng4 14. Re1 Qf5 15. Qe2 d6 16. exd6 exd6 17. h3 Nf6 18. Nd4 Qd7 19. Bg5 Rfe8 20. Qf3 Nd5 21. Qd3 h6 22. Bd2 Rab8 23. b3 Nb6 24. Rad1 d5 25. Bf4 Rbd8 26. Nf3 1/2-1/2

[Event "ESP-chT CECLUB Honor"]
[Site "Linares"]
[Date "2018.08.07"]
[Round "2.4"]
[White "Magem Badals, Jordi"]
[Black "Del Rio de Angelis, Salvador Gabriel"]
[Result "1/2-1/2"]
[WhiteElo "2531"]
[BlackElo "2525"]
[PlyCount "83"]
[EventDate "2018.08.06"]
[EventType "team-tourn"]
[EventRounds "7"]
[EventCountry "ESP"]
[SourceTitle "CBM 185 Extra"]
[Source "ChessBase"]
[SourceDate "2018.07.29"]
[SourceVersion "1"]
[SourceVersionDate "2018.07.29"]
[SourceQuality "1"]
[WhiteTeam "Solvay"]
[BlackTeam "Sestao Bizkaialde"]
[WhiteTeamCountry "ESP"]
[BlackTeamCountry "ESP"]

1. e4 d6 2. d4 e5 3. Nf3 exd4 4. Nxd4 Nf6 5. Nc3 Be7 6. g3 Nc6 7. Nxc6 bxc6 8. Bg2 Ba6 9. e5 Nd7 10. Bxc6 0-0 11. Bb5 Bxb5 12. Nxb5 Nxe5 13. 0-0 Qd7 14. Nc3 c6 15. Bf4 Ng6 16. Be3 Rab8 17. b3 Qh3 18. f3 Rb7 19. Qd2 Qf5 20. Rae1 Rd8 21. Ne2 d5 22. c3 c5 23. Rd1 Qe6 24. Nf4 Nxf4 25. Bxf4 Rbd7 26. Rfe1 Qc6 27. Kg2 h6 28. h4 Bf6 29. Be5 Be7 30. Qc2 a5 31. Re2 a4 32. Rde1 axb3 33. axb3 Bf8 34. Bf4 Rb7 35. Rb1 Re8 36. Rxe8 Qxe8 37. Rd1 Qe6 38. Rd2 Rd7 39. Re2 Qb6 40. Re8 Rd8 41. Rxd8 Qxd8 42. Qd3 1/2-1/2

[Event "Catalunya-chT Gp2"]
[Site "Barcelona"]
[Date "2017.02.25"]
[Round "6.3"]
[White "Delorme, Axel"]
[Black "Magem Badals, Jordi"]
[Result "1/2-1/2"]
[WhiteElo "2514"]
[BlackElo "2534"]
[PlyCount "114"]
[EventDate "2017.01.21"]
[EventType "team-tourn"]
[EventRounds "7"]
[EventCountry "ESP"]
[SourceTitle "EXT 2018"]
[Source "ChessBase"]
[SourceDate "2017.10.13"]
[SourceVersion "1"]
[SourceVersionDate "2017.10.13"]
[SourceQuality "1"]
[WhiteTeam "Barbera"]
[BlackTeam "Colon Sabadell"]
[WhiteTeamCountry "ESP"]
[BlackTeamCountry "ESP"]

1. Nf3 d5 2. g3 g6 3. Bg2 Bg7 4. d4 c6 5. 0-0 Nf6 6. c4 dxc4 7. a4 Ne4 8. Na3 Nd6 9. Ne5 Be6 10. Qc2 Na6 11. Bd2 0-0 12. Bc3 f6 13. Nf3 Bd5 14. Rfe1 f5 15. Ne5 Bxg2 16. Kxg2 Nc7 17. Rad1 Nd5 18. Bd2 Qc8 19. Naxc4 Nxc4 20. Nxc4 Bxd4 21. Bh6 Bg7 22. Bxg7 Kxg7 23. e4 fxe4 24. Rxe4 Kg8 25. Ne3 Nxe3+ 26. Rxe3 Rf7 27. Qb3 Qc7 28. Rde1 Kg7 29. Qc3+ Kg8 30. Qc4 Kg7 31. Qd4+ Kg8 32. R1e2 Qd6 33. Qc4 Rd8 34. Re5 Qd4 35. Qb3 Rd7 36. Qe6 Kg7 37. R5e4 Qd5 38. Qg4 Qf5 39. Qxf5 gxf5 40. Re6 Kf8 41. f4 Ke8 42. Kh3 Rd4 43. b3 Kd7 44. Kh4 Rd6 45. Rxd6+ Kxd6 46. Re5 e6 47. Kg5 c5 48. Kh6 b6 49. Re2 a6 50. Rd2+ Kc7 51. Re2 Kd6 52. Rd2+ Kc7 53. Re2 Kd6 54. Rd2+ Kc6 55. Re2 Kd5 56. Rd2+ Kc6 57. Re2 Kd6 1/2-1/2

[Event "Catalunya-chT GpA final"]
[Site "Barcelona"]
[Date "2015.03.21"]
[Round "9.2"]
[White "Magem Badals, Jordi"]
[Black "Peralta, Fernando"]
[Result "1/2-1/2"]
[WhiteElo "2552"]
[BlackElo "2569"]
[PlyCount "63"]
[EventDate "2015.03.14"]
[EventType "team-tourn"]
[EventRounds "11"]
[EventCountry "ESP"]
[SourceTitle "EXT 2016"]
[Source "ChessBase"]
[SourceDate "2015.10.08"]
[SourceVersion "1"]
[SourceVersionDate "2015.10.08"]
[SourceQuality "1"]
[WhiteTeam "Colon Sabadell"]
[BlackTeam "Sant Josep de Badalona"]
[WhiteTeamCountry "ESP"]
[BlackTeamCountry "ESP"]

1. d4 d6 2. c4 e5 3. Nc3 exd4 4. Qxd4 Nc6 5. Qd2 Nf6 6. Nf3 g6 7. b3 Bg7 8. Bb2 0-0 9. g3 Bf5 10. Nh4 Be6 11. Bg2 a5 12. 0-0 a4 13. Nd5 Ne5 14. Rfd1 c6 15. Ne3 axb3 16. axb3 Qb6 17. Qxd6 Rxa1 18. Bxa1 Nfg4 19. Nxg4 Nxg4 20. c5 Qxb3 21. Bxg7 Kxg7 22. Qd4+ Kg8 23. h3 Ne5 24. Qa1 Nd7 25. Rb1 Qc4 26. Rxb7 Nxc5 27. Rb6 Qxe2 28. Rxc6 Rd8 29. Bf3 Qb5 30. Bg2 Qe2 31. Bf3 Qb5 32. Bg2 1/2-1/2

[Event "Igualada op 1st"]
[Site "Igualada"]
[Date "2014.08.19"]
[Round "3.2"]
[White "Cori Tello, Deysi Estella"]
[Black "Magem Badals, Jordi"]
[Result "0-1"]
[WhiteElo "2422"]
[BlackElo "2549"]
[PlyCount "76"]
[EventDate "2014.08.19"]
[EventType "swiss"]
[EventRounds "8"]
[EventCountry "ESP"]
[SourceTitle "EXT 2024"]
[Source "ChessBase"]
[SourceDate "2023.10.10"]
[SourceVersion "1"]
[SourceVersionDate "2023.10.10"]
[SourceQuality "1"]

1. d4 d5 2. Nf3 Nf6 3. c4 c6 4. Nc3 e6 5. e3 Nbd7 6. Bd3 dxc4 7. Bxc4 b5 8. Bd3 b4 9. Na4 c5 10. 0-0 Bb7 11. dxc5 Bxc5 12. Nxc5 Nxc5 13. Bb5+ Ke7 14. Bd2 a5 15. Rc1 Qb6 16. Nd4 Rhd8 17. a3 Nce4 18. Be1 Rxd4 19. Qxd4 Qxb5 20. f3 e5 21. Rc7+ Ke6 22. Rxb7 Qxb7 23. Qc4+ Qd5 24. Qxd5+ Nxd5 25. fxe4 Nxe3 26. Rf2 Rc8 27. Re2 Nc2 28. axb4 Nxe1 29. Rxe1 axb4 30. Re2 g6 31. Kf2 f5 32. Ke3 f4+ 33. Kd3 g5 34. Rf2 g4 35. Rf1 Rd8+ 36. Kc4 Rd4+ 37. Kc5 Rxe4 38. Rd1 Re2 0-1

[Event "Catalunya-chT"]
[Site "Catalunya"]
[Date "2014.03.22"]
[Round "9.3"]
[White "Magem Badals, Jordi"]
[Black "Alonso Garcia, Rene Marcial"]
[Result "1-0"]
[WhiteElo "2546"]
[BlackElo "2347"]
[PlyCount "81"]
[EventDate "2014.01.25"]
[EventType "team"]
[EventRounds "11"]
[EventCountry "ESP"]
[SourceTitle "EXT 2015"]
[Source "ChessBase"]
[SourceDate "2014.11.20"]
[SourceVersion "1"]
[SourceVersionDate "2014.11.20"]
[SourceQuality "1"]
[WhiteTeam "Colon Sabadell"]
[BlackTeam "Figueres"]
[WhiteTeamCountry "ESP"]
[BlackTeamCountry "ESP"]

1. e4 e6 2. d4 d5 3. Nd2 c5 4. exd5 exd5 5. Ngf3 Nc6 6. Bb5 Bd6 7. dxc5 Bxc5 8. 0-0 Nge7 9. Nb3 Bd6 10. c3 0-0 11. Bd3 h6 12. h3 Bf5 13. Re1 Qd7 14. Be3 Rad8 15. Bc5 Bxc5 16. Nxc5 Qc8 17. Nb3 Qc7 18. Bxf5 Nxf5 19. Qd3 Nfe7 20. Rad1 a6 21. Nfd4 Nxd4 22. Nxd4 Ng6 23. Nf5 Rd7 24. Qd4 f6 25. Qg4 Kh7 26. Nd4 Ne5 27. Rxe5 fxe5 28. Ne6 Rf4 29. Nxc7 Rxg4 30. hxg4 Rxc7 31. Rxd5 Re7 32. Rd6 Kg8 33. Kf1 Kf7 34. Ke2 Rc7 35. f3 Ke7 36. Rb6 Kd8 37. Ke3 Re7 38. Rd6+ Kc7 39. Rd5 Kc6 40. Ke4 Re6 41. c4 1-0

[Event "Catalunya-chT"]
[Site "Catalunya"]
[Date "2014.03.08"]
[Round "7.3"]
[White "Herrero Sabartes, Joan"]
[Black "Magem Badals, Jordi"]
[Result "1/2-1/2"]
[WhiteElo "2206"]
[BlackElo "2546"]
[PlyCount "71"]
[EventDate "2014.01.25"]
[EventType "team"]
[EventRounds "11"]
[EventCountry "ESP"]
[SourceTitle "EXT 2015"]
[Source "ChessBase"]
[SourceDate "2014.11.20"]
[SourceVersion "1"]
[SourceVersionDate "2014.11.20"]
[SourceQuality "1"]
[WhiteTeam "Reus Deportiu"]
[BlackTeam "Colon Sabadell"]
[WhiteTeamCountry "ESP"]
[BlackTeamCountry "ESP"]

1. e4 e5 2. Nc3 Nf6 3. Bc4 Nc6 4. d3 Na5 5. Nf3 d6 6. a3 Nxc4 7. dxc4 Be7 8. c5 h6 9. 0-0 c6 10. cxd6 Bxd6 11. Qd3 Be6 12. Rd1 Bc7 13. Qxd8+ Rxd8 14. Rxd8+ Kxd8 15. Be3 b6 16. h3 Ke7 17. a4 a5 18. Rd1 Nd7 19. Ne1 Bd6 20. Nd3 h5 21. f4 exf4 22. Bxf4 Bxf4 23. Nxf4 h4 24. Kf2 g5 25. Nd3 Nc5 26. Ne5 Rc8 27. Nf3 f6 28. e5 fxe5 29. Nxe5 Kf6 30. Nf3 Bf5 31. Rd6+ Ke7 32. Rd2 Kf6 33. Rd6+ Ke7 34. Rd2 Rg8 35. Ne5 Rc8 36. Nf3 1/2-1/2

[Event "Catalunya-chT"]
[Site "Catalunya"]
[Date "2014.03.01"]
[Round "6.2"]
[White "Movsziszian, Karen"]
[Black "Magem Badals, Jordi"]
[Result "0-1"]
[WhiteElo "2509"]
[BlackElo "2546"]
[PlyCount "90"]
[EventDate "2014.01.25"]
[EventType "team"]
[EventRounds "11"]
[EventCountry "ESP"]
[SourceTitle "EXT 2015"]
[Source "ChessBase"]
[SourceDate "2014.11.20"]
[SourceVersion "1"]
[SourceVersionDate "2014.11.20"]
[SourceQuality "1"]
[WhiteTeam "Sant Andreu"]
[BlackTeam "Colon Sabadell"]
[WhiteTeamCountry "ESP"]
[BlackTeamCountry "ESP"]

1. g3 d5 2. Bg2 g6 3. Nf3 Bg7 4. 0-0 e5 5. d3 Ne7 6. e4 0-0 7. Nc3 d4 8. Ne2 c5 9. Nd2 Nbc6 10. f4 exf4 11. gxf4 f5 12. Ng3 Qc7 13. Nf3 Bd7 14. e5 Nd8 15. c4 Ne6 16. h4 h5 17. Bd2 Bh6 18. Ne2 a5 19. Qc2 Bc6 20. b3 b5 21. cxb5 Bxb5 22. Ng5 Bxg5 23. fxg5 Ra6 24. Nf4 Nxf4 25. Bxf4 Re6 26. Rac1 Rc8 27. a3 Qd8 28. Qe2 Nd5 29. Bd2 Ne7 30. Rfe1 Ba6 31. b4 axb4 32. axb4 Qb6 33. bxc5 Rxc5 34. Rxc5 Qxc5 35. Qf3 Qb5 36. Ra1 Qxd3 37. Qa8+ Kg7 38. Bb4 Qe3+ 39. Kh1 Bd3 40. Re1 Qg3 41. Qa2 Ra6 42. Qd2 Re6 43. Kg1 Nd5 44. Bc5 Nf4 45. Qf2 Nh3+ 0-1

[Event "Catalunya-chT"]
[Site "Catalunya"]
[Date "2014.02.22"]
[Round "5.4"]
[White "Magem Badals, Jordi"]
[Black "Fluvia Poyatos, Joan"]
[Result "1/2-1/2"]
[WhiteElo "2546"]
[BlackElo "2512"]
[PlyCount "74"]
[EventDate "2014.01.25"]
[EventType "team"]
[EventRounds "11"]
[EventCountry "ESP"]
[SourceTitle "EXT 2015"]
[Source "ChessBase"]
[SourceDate "2014.11.20"]
[SourceVersion "1"]
[SourceVersionDate "2014.11.20"]
[SourceQuality "1"]
[WhiteTeam "Colon Sabadell"]
[BlackTeam "Badalona Sant Josep"]
[WhiteTeamCountry "ESP"]
[BlackTeamCountry "ESP"]

1. e4 c5 2. Nf3 e6 3. g3 Nc6 4. Bg2 Nf6 5. Qe2 e5 6. 0-0 Be7 7. c3 0-0 8. d3 Re8 9. a3 Bf8 10. b4 d5 11. Bg5 d4 12. b5 Na5 13. c4 Qd6 14. Qc2 b6 15. Ne1 Nb7 16. a4 a6 17. Na3 Bd7 18. f4 Ng4 19. f5 f6 20. Bc1 g6 21. Qe2 Nh6 22. Nec2 Nf7 23. Bh3 Bg7 24. bxa6 Rxa6 25. Nb5 Qc6 26. Ne1 Rea8 27. Qd1 Qc8 28. fxg6 hxg6 29. Bxd7 Qxd7 30. Ng2 Nfd6 31. Nh4 Kf7 32. Ra2 Rh8 33. Raf2 Ne8 34. Nf3 Kg8 35. Nh4 Kf7 36. Nf3 Kg8 37. Nh4 Kf7 1/2-1/2

[Event "Catalunya-chT"]
[Site "Catalunya"]
[Date "2014.02.15"]
[Round "4.1"]
[White "Magem Badals, Jordi"]
[Black "Oratovsky, Michael"]
[Result "1/2-1/2"]
[WhiteElo "2546"]
[BlackElo "2499"]
[PlyCount "31"]
[EventDate "2014.01.25"]
[EventType "team"]
[EventRounds "11"]
[EventCountry "ESP"]
[SourceTitle "CBM 158 Extra"]
[Source "ChessBase"]
[SourceDate "2014.02.28"]
[SourceVersion "1"]
[SourceVersionDate "2014.02.28"]
[SourceQuality "1"]
[WhiteTeam "Colon Sabadell"]
[BlackTeam "Cerdanyola Valles"]
[WhiteTeamCountry "ESP"]
[BlackTeamCountry "ESP"]

1. e4 c5 2. c3 d6 3. d4 Nf6 4. Bd3 Nc6 5. Nf3 g6 6. 0-0 Bg7 7. h3 0-0 8. d5 Nb8 9. c4 e5 10. Nc3 Ne8 11. a3 Na6 12. Rb1 f5 13. b4 Nf6 14. Bd2 Qe7 15. Re1 Kh8 16. Qc2 1/2-1/2

[Event "Catalunya-chT"]
[Site "Catalunya"]
[Date "2014.02.08"]
[Round "3.4"]
[White "Magem Badals, Jordi"]
[Black "Cruz, Cristhian"]
[Result "1-0"]
[WhiteElo "2546"]
[BlackElo "2554"]
[PlyCount "135"]
[EventDate "2014.01.25"]
[EventType "team"]
[EventRounds "11"]
[EventCountry "ESP"]
[SourceTitle "CBM 158 Extra"]
[Source "ChessBase"]
[SourceDate "2014.02.28"]
[SourceVersion "1"]
[SourceVersionDate "2014.02.28"]
[SourceQuality "1"]
[WhiteTeam "Colon Sabadell"]
[BlackTeam "Barcelona Escola Escacs"]
[WhiteTeamCountry "ESP"]
[BlackTeamCountry "ESP"]

1. e4 e5 2. Nf3 Nc6 3. Bb5 f5 4. Nc3 fxe4 5. Nxe4 Nf6 6. Nxf6+ Qxf6 7. Qe2 Be7 8. Bxc6 dxc6 9. Nxe5 Bf5 10. 0-0 Bxc2 11. d3 0-0-0 12. Re1 Bd6 13. Qg4+ Kb8 14. Bg5 Bxe5 15. Bxf6 Bxf6 16. Rac1 Bxd3 17. b3 Rd5 18. h3 Rhd8 19. Re3 h5 20. Qg3 h4 21. Qf3 Bg5 22. Rce1 Bxe3 23. Rxe3 a5 24. Re7 g5 25. Qf7 Rf5 26. Qe6 Rdd5 27. Rd7 Rfe5 28. Qg8+ Ka7 29. Rxd5 Rxd5 30. Qf7 Bb1 31. a3 Bc2 32. b4 axb4 33. axb4 Kb6 34. f4 Bb3 35. Kh2 gxf4 36. Qxf4 Kb5 37. Qxh4 b6 38. Qf4 Bc4 39. g4 Kxb4 40. g5 Kc3 41. Qxc7 b5 42. g6 Rd2+ 43. Kg3 Bd5 44. g7 Rg2+ 45. Kf4 b4 46. Qe5+ Kc2 47. h4 b3 48. h5 b2 49. h6 Rf2+ 50. Kg3 Rf3+ 51. Kh2 b1Q 52. Qe2+ Kc1 53. Qe1+ Kb2 54. Qxb1+ Kxb1 55. h7 Rf2+ 56. Kh3 Rf3+ 57. Kg4 Rf1 58. h8Q Rg1+ 59. Kf4 Bb3 60. Qb8 Kc2 61. Qa7 Rg2 62. Qc5+ Kb1 63. Qb6 Ka2 64. Qa6+ Kb2 65. Qxc6 Rg1 66. Ke3 Rg4 67. Qf6+ Ka2 68. Qa6+ 1-0

[Event "ESP-chT CECLUB Honor"]
[Site "Linares"]
[Date "2013.09.09"]
[Round "2.4"]
[White "Ganguly, Surya Shekhar"]
[Black "Magem Badals, Jordi"]
[Result "1-0"]
[WhiteElo "2630"]
[BlackElo "2551"]
[PlyCount "75"]
[EventDate "2013.09.08"]
[EventType "team-tourn"]
[EventRounds "7"]
[EventCountry "ESP"]
[SourceTitle "CBM 156 Extra"]
[Source "ChessBase"]
[SourceDate "2013.10.22"]
[SourceVersion "1"]
[SourceVersionDate "2013.10.22"]
[SourceQuality "1"]
[WhiteTeam "Solvay"]
[BlackTeam "Colon Sabadell"]
[WhiteTeamCountry "ESP"]
[BlackTeamCountry "ESP"]

1. d4 d5 2. c4 c6 3. Nc3 Nf6 4. e3 g6 5. Nf3 Bg7 6. Be2 0-0 7. 0-0 b6 8. b4 Bb7 9. Bb2 Ne4 10. Nxe4 dxe4 11. Nd2 f5 12. Qb3 Nd7 13. f3 exf3 14. c5+ e6 15. Qxe6+ Kh8 16. Nxf3 Re8 17. Qb3 Qe7 18. Rae1 a5 19. bxa5 Rxa5 20. cxb6 Ba6 21. a4 Rb8 22. Bc3 Rxb6 23. Qc2 Rd5 24. Bxa6 Rxa6 25. e4 fxe4 26. Rxe4 Qd8 27. Rfe1 Nf6 28. Re6 Rd6 29. Ne5 Kg8 30. Qb3 Nd5 31. Rxd6 Qxd6 32. Qb7 Rxa4 33. Qf7+ Kh8 34. Nc4 Qf8 35. Re8 Ra8 36. Qxf8+ Bxf8 37. Rxa8 Kg7 38. Bd2 1-0

[Event "Catalunya-chT Honor"]
[Site "Catalunya"]
[Date "2013.04.06"]
[Round "10.2"]
[White "Torrecillas Martinez, Antonio"]
[Black "Magem Badals, Jordi"]
[Result "0-1"]
[WhiteElo "2407"]
[BlackElo "2547"]
[PlyCount "48"]
[EventDate "2013.01.19"]
[EventType "team-tourn"]
[EventRounds "11"]
[EventCountry "ESP"]
[SourceTitle "EXT 2014"]
[Source "ChessBase"]
[SourceDate "2013.11.20"]
[SourceVersion "1"]
[SourceVersionDate "2013.11.20"]
[SourceQuality "1"]
[WhiteTeam "Foment Martinenc"]
[BlackTeam "Colon Sabadell"]
[WhiteTeamCountry "ESP"]
[BlackTeamCountry "ESP"]

1. e4 c6 2. d4 d5 3. exd5 cxd5 4. c4 Nf6 5. Nc3 Nc6 6. Nf3 g6 7. cxd5 Nxd5 8. Qb3 e6 9. Bb5 Bg7 10. 0-0 0-0 11. Bg5 Nxd4 12. Nxd4 Qxg5 13. Nf3 Qf5 14. Rfd1 Nxc3 15. bxc3 Qc5 16. Rac1 b6 17. Qb4 Qc7 18. Ng5 a6 19. Ba4 b5 20. Bb3 Bb7 21. c4 Qf4 22. Qe7 Bxg2 23. cxb5 Bf6 24. Qc5 Qg4 0-1

[Event "Catalunya-chT Honor"]
[Site "Catalunya"]
[Date "2013.01.26"]
[Round "2.2"]
[White "Magem Badals, Jordi"]
[Black "Cuadras Avellana, Jordi"]
[Result "1-0"]
[WhiteElo "2547"]
[BlackElo "2325"]
[PlyCount "69"]
[EventDate "2013.01.19"]
[EventType "team-tourn"]
[EventRounds "11"]
[EventCountry "ESP"]
[SourceTitle "CBM 152 Extra"]
[Source "ChessBase"]
[SourceDate "2013.02.25"]
[SourceVersion "1"]
[SourceVersionDate "2013.02.25"]
[SourceQuality "1"]
[WhiteTeam "Colon Sabadell"]
[BlackTeam "Figueres"]
[WhiteTeamCountry "ESP"]
[BlackTeamCountry "ESP"]

1. e4 c6 2. Nc3 d5 3. Nf3 a6 4. d4 Bg4 5. h3 Bh5 6. exd5 cxd5 7. g4 Bg6 8. Ne5 Nc6 9. h4 Nxe5 10. dxe5 h5 11. Qxd5 Qxd5 12. Nxd5 0-0-0 13. Bg2 e6 14. Nf4 hxg4 15. Nxg6 fxg6 16. Ke2 Be7 17. Be4 Rf8 18. Be3 Rxh4 19. Rxh4 Bxh4 20. Rh1 g5 21. Rd1 Nh6 22. Rd3 Nf5 23. Ba7 Ne7 24. Bxb7+ Kxb7 25. Rd7+ Kc6 26. Rxe7 Kd5 27. Rxg7 Rf5 28. Be3 Rxe5 29. Ra7 Ke4 30. Rxa6 g3 31. fxg3 Bxg3 32. Rc6 Ra5 33. Rxe6+ Kf5 34. Rh6 Rxa2 35. Rb6 1-0